| 000 | 01033nam a2200277 i 4500 | ||
|---|---|---|---|
| 001 | 14685 | ||
| 003 | ES-MaACL | ||
| 005 | 20230906150848.0 | ||
| 007 | t| | ||
| 008 | 981104s1998 sp a |||| | spa d | ||
| 020 | _a84-451-1441-7 | ||
| 080 | _a972.91"1895/98"(0:070) | ||
| 080 | _a070(460)"18" | ||
| 100 | 1 |
_aArmero, Álvaro. _9149766 |
|
| 245 | 1 | 0 |
_aFragmentos del 98 _b: prensa e información en el año del desastre / _cÁlvaro Armero. |
| 260 |
_a[Madrid] : _bCentro de Estudios y Actividades Culturales, _c[1998] |
||
| 300 |
_a208 p. : _bil. ; _c22 cm. |
||
| 490 | 1 |
_aBiblioteca básica madrileña ; _v14 |
|
| 650 | 4 |
_aGuerra hispano-americana, 1898- _xEn la prensa. _9157081 |
|
| 650 | 4 |
_aGuerra hispano-americana, 1898- _vFuentes. _9172787 |
|
| 650 | 4 |
_aPrensa y política- _zEspaña- _yS.XIX. _9143587 |
|
| 710 | 1 |
_aMadrid (Comunidad Autónoma). _bCentro de Estudios y Actividades Culturales. _95590 |
|
| 830 | 1 |
_aBiblioteca básica madrileña ; _v14 _9186932 |
|
| 852 |
_aES-MaACL _jL-22023 |
||
| 999 |
_c14685 _d14685 |
||